1979 1559 1004 1509 1158 1619 1245 1085 1631 1977 1140 1020 1906 1769 1220 1012 1126 1127 1664 1815 1176 1459 1126 1376 1424 1571 1098 1508 1241 1058 1684 1660 1643 1942 1423 1128 1189 1021 1132 1073 1750 1122 1237 1851 1908 1939 1981 1400 1385 1930 1097 1408 1646 1603 1827 1335 1321 1424 1087 1036 1184 1586 1573 1788 1327 1767 1775 1712 1605 1198 1993 1007 1991 1872 1707 1072 1883 1055 1644 1415 1560 1397 1357 1755 1424 1393 1487 1730 1832 1556 1510 1430 1287 1849 1328 1904 1445 1223 1409 BCNSPRNW ULIB Ver.6.0+V

เปลี่ยนเป็นภาษาไทย

Change to English
 แสดงรายละเอียดบรรณานุกรม
  กลับหน้าหลัก

Brief Record : Get Marc (ISO 2709) : E-mail record : QR code < ปิดหน้าต่าง
LEADER : 00000nam 2200000uu 4500
001    13399112538
003     ULIB
008    110823s2552||||th 000 0 tha d
020    9789741110797
060 04 QV605.JT3^bว621ภ 2552
245 00 ภาวะเป็นพิษจากสารออร์กาโนฟอสฟอรัสและคาร์บาเมต/^cโดยวินัยวนานุกูล,บรรณาธิการ. ;จารุวรรณ ศรีอาภา, อัจฉรา ทองภู
250    พิมพ์ครั้งที่ 1
260    กรุงเทพฯ :^bโครงการตำรารามาธิบดี ภาควิชาอายุศาสตร์คณะแพทยศาสตร์โรงพยาบาลรามาธิบดี มหาวิทยาลัยมหิดล,^c2552
300    vi, 170หน้า :^bภาพประกอบ ;^c29 ซม. +^eซีดี-รอม 1 แผ่น
650  2 Insecticides^xtoxicity
650  2 Insecticides, Organophosphorus^xtoxicity
650  2 Insecticides, Carbamate^xtoxicity
650  2 Organophosphorus Compounds^xpoisoning
650  2 Organophosphorus Compounds^xadverse effects^xtoxicity
650  2 Carbamate^xpoisoning
650  7 พิษวิทยา
650  7 ยาฆ่าแมลงกลุ่มออร์กาโนฟอสเฟต^xความเป็นพิษ
650  7 สารเคมี^zไทย^xความเป็นพิษ
650  7 สารพิษ^xการวินิจฉัย
653    ยาฆ่าแมลงกลุ่มคาร์บาเมท^xความเป็นพิษ
653    ผลงานของอาจารย์ภาควิชาอายุศาสตร์คณะแพทยศาสตร์โรงพยาบาลรามาธิบดี มหาวิทยาลัยมหิดล
700 0  วินัย วนานุกูล,^eบรรณาธิการ
700 0  จารุวรรณ ศรีอาภา,^eผู้แต่งร่วม
700 0  อัจฉรา ทองภู,^eผู้แต่งร่วม
710 2  มหาวิทยาลัยมหิดล.^bโครงการตำรารามาธิบดีคณะแพทยศาสตร์โรงพยาบาลรามาธิบดี. ^bภาควิชาอายุรศาสตร์
945    ^p600^l0^i16111
995    กัณชพร
999    ^aใช้งานได้ทุกระบบ
รายการนี้ยังไม่มีแท็ก
คุณยังไม่ได้ล็อกอิน คุณสามารถมีกิจกรรมร่วมกับเว็บไซต์ได้ แต่ต้องล็อกอินก่อน ::
  ล็อกอิน

รายการสื่อสารสนเทศ

ลำดับที่ ประเภท เลขเรียก/บาร์โค้ด สถานที่ สถานะ
- ไม่พบข้อมูล -

รายการใกล้เคียง
    หัวเรื่อง [พิษวิทยา]

BibComment


ยังไม่เคยถูกคอมเมนท์

คอมเมนท์ทรัพยากรรายการนี้
  คอมเมนท์: ภาวะเป็นพิษจากสาร..


 Copyright 2026. Bcnsprnw @Library